000 00684nam a2200229Ia 4500
001 6733
003 GE_BSU
008 181216s||||||||xx |||||||||||||| ||und||
040 _cGE_BSU
080 _a821.353.1-32
100 _aგვეტაძე,რაჟდენ.
245 _aმახარა.
245 _bმოთხრობა.
245 _cკონსტანტინე,ლორთქიფანიძის, რედაქცით.
260 _aთბილისი.
260 _bნაკადული.
260 _c1967.
300 _a14გვ;17სმ.
653 _aმახარა.
653 _aმოთხრობა.
942 _cBK
999 _c40127
_d40127